000 00269nam a2200109Ia 4500
001 1282896
005 20260417163714.0
008 260417s9999 xx 000 0 und d
020 _a9786258099737
245 0 _aMadam Curie - Bilimin Kraliçesi
260 _bDokuz Çocuk
999 _c1282896
_d1282896